[Event "Dublin Irish op"]
[Site "Dublin"]
[Date "2019.04.20"]
[Round "6"]
[White "Remenyik, David"]
[Black "Bergin, Cian"]
[Result "1-0"]
[WhiteElo "1798"]
[BlackElo "1512"]
[PlyCount "39"]
[EventDate "2019.04.17"]
[EventType "swiss"]
[EventRounds "9"]
[EventCountry "IRL"]
[SourceTitle "CBM 190 Extra"]
[Source "ChessBase"]
[SourceDate "2019.07.15"]
[SourceVersion "1"]
[SourceVersionDate "2019.07.15"]
[SourceQuality "1"]

1. d4 Nf6 2. Nf3 d5 3. c4 e6 4. Nc3 dxc4 5. Bg5 a6 6. e3 b5 7. a4 c6 8. Bxf6 Qxf6 9. axb5 cxb5 10. Nxb5 Bb4+ 11. Nc3 0-0 12. Bxc4 Bb7 13. Be2 Qg6 14. 0-0 Rc8 15. Qb3 Bxc3 16. Qxb7 Nc6 17. bxc3 Qc2 18. Rxa6 Rab8 19. Rxc6 Rd8 20. Qa6 1-0

[Event "Dublin Irish op"]
[Site "Dublin"]
[Date "2019.04.17"]
[Round "1"]
[White "Burg, Twan"]
[Black "Remenyik, David"]
[Result "1-0"]
[WhiteElo "2519"]
[BlackElo "1798"]
[PlyCount "63"]
[EventDate "2019.04.17"]
[EventType "swiss"]
[EventRounds "9"]
[EventCountry "IRL"]
[SourceTitle "CBM 189 Extra"]
[Source "ChessBase"]
[SourceDate "2019.06.03"]
[SourceVersion "1"]
[SourceVersionDate "2019.06.03"]
[SourceQuality "1"]

1. e4 e6 2. d4 d5 3. Nd2 Nf6 4. e5 Nfd7 5. f4 c5 6. Ngf3 Nc6 7. Nb3 a6 8. Be2 cxd4 9. Nbxd4 Nxd4 10. Nxd4 Nb8 11. Be3 Nc6 12. Nf3 Be7 13. 0-0 0-0 14. c3 Bd7 15. Qe1 Kh8 16. Rd1 Qc7 17. Qg3 Bd8 18. Bd3 g6 19. Kh1 Ne7 20. Qh3 Nf5 21. Bf2 Kg7 22. g4 Nh6 23. Be3 Ng8 24. f5 exf5 25. gxf5 Bxf5 26. Bxf5 gxf5 27. Rg1+ Kh8 28. Bh6 Nxh6 29. Qxh6 Rg8 30. Rxg8+ Kxg8 31. Rg1+ Kh8 32. Qf8# 1-0

[Event "IRL-chT"]
[Site "Dublin"]
[Date "2019.04.07"]
[Round "5.1"]
[White "Remenyik, David"]
[Black "O'Donnell, Conor"]
[Result "0-1"]
[WhiteElo "1798"]
[BlackElo "2369"]
[PlyCount "86"]
[EventDate "2019.04.05"]
[EventType "team-swiss"]
[EventRounds "5"]
[EventCountry "IRL"]
[SourceTitle "CBM 189 Extra"]
[Source "ChessBase"]
[SourceDate "2019.06.03"]
[SourceVersion "1"]
[SourceVersionDate "2019.06.03"]
[SourceQuality "1"]
[WhiteTeam "Dun Laoghaire"]
[BlackTeam "Gonzaga"]
[WhiteTeamCountry "IRL"]
[BlackTeamCountry "IRL"]

1. d4 Nf6 2. Nf3 c5 3. d5 b5 4. Bg5 Qb6 5. Bxf6 Qxf6 6. c3 g6 7. e4 Qb6 8. a4 b4 9. a5 Qb7 10. Nbd2 Bg7 11. Qc2 0-0 12. Bd3 d6 13. 0-0 Nd7 14. Nc4 Qc7 15. Nfd2 Ba6 16. Rfb1 Rab8 17. Bf1 Rb7 18. Nb6 Bxf1 19. Nxd7 Qxd7 20. Kxf1 bxc3 21. bxc3 Rfb8 22. Ke1 Rxb1+ 23. Rxb1 Rxb1+ 24. Nxb1 Qb5 25. Qa2 Qd3 26. f3 Bxc3+ 27. Nxc3 Qxc3+ 28. Ke2 a6 29. h3 h5 30. g4 Qe5 31. Ke3 Qg5+ 32. Ke2 hxg4 33. hxg4 Qe5 34. Ke3 Qg3 35. Qc4 Qe1+ 36. Kf4 Qd2+ 37. Kg3 Qxa5 38. e5 Qe1+ 39. Kg2 Qxe5 40. Qxa6 Qxd5 41. Qa5 Kg7 42. Kg3 Qe5+ 43. Kg2 c4 0-1

[Event "St Andrew's Masters"]
[Site "Dublin"]
[Date "2018.09.21"]
[Round "1.2"]
[White "Remenyik, David"]
[Black "Flynn, Jacob"]
[Result "0-1"]
[WhiteElo "1851"]
[BlackElo "1928"]
[PlyCount "81"]
[EventDate "2018.09.21"]
[EventType "tourn"]
[EventRounds "5"]
[EventCountry "IRL"]
[SourceTitle "EXT 2023"]
[Source "ChessBase"]
[SourceDate "2022.10.05"]
[SourceVersion "1"]
[SourceVersionDate "2022.10.05"]
[SourceQuality "1"]

1. d4 Nf6 2. Nf3 c5 3. d5 g6 4. Nc3 Bg7 5. e4 d6 6. Bc4 a6 7. a4 Bg4 8. h3 Bxf3 9. Qxf3 Nfd7 10. Bb3 0-0 11. 0-0 Qc7 12. Qe2 Ne5 13. Bg5 h6 14. Bh4 g5 15. Bg3 Ng6 16. Bc4 Nd7 17. Kh1 Nde5 18. Ra3 Rab8 19. Rb3 Qa5 20. f4 gxf4 21. Bxf4 Nxf4 22. Rxf4 Kh8 23. g4 Ng6 24. Rf5 Bf6 25. Qe3 Kg7 26. Rh5 Rh8 27. Rf5 Bg5 28. Qf2 f6 29. Be2 Rhc8 30. Qf1 Rc7 31. Bxa6 bxa6 32. Rxb8 c4 33. Ne2 Qd2 34. c3 Be3 35. Nd4 Bxd4 36. cxd4 Qxd4 37. Qe2 c3 38. Qc2 Qd2 39. Rf2 Qxf2 40. Qxf2 c2 41. Qe1 0-1

[Event "EU Union-ch U12 14th"]
[Site "Mureck"]
[Date "2016.08.09"]
[Round "7"]
[White "Remenyik, David"]
[Black "Rosol, Alexander"]
[Result "0-1"]
[WhiteElo "1594"]
[BlackElo "1779"]
[PlyCount "68"]
[EventDate "2016.08.03"]
[EventType "swiss"]
[EventRounds "9"]
[EventCountry "AUT"]
[SourceTitle "CBM 174 Extra"]
[Source "ChessBase"]
[SourceDate "2016.10.10"]
[SourceVersion "1"]
[SourceVersionDate "2016.10.10"]
[SourceQuality "1"]

1. d4 Nf6 2. Nf3 g6 3. c4 Bg7 4. Nc3 0-0 5. e3 d6 6. Be2 Nbd7 7. 0-0 e5 8. d5 a5 9. a3 Nc5 10. Nd2 Nfd7 11. e4 f5 12. f3 f4 13. b3 Nf6 14. Bb2 g5 15. b4 Na6 16. Na2 h5 17. Nc1 g4 18. Nd3 Qe7 19. c5 gxf3 20. Bxf3 Ng4 21. cxd6 cxd6 22. Re1 Qg5 23. Nc4 Qg6 24. h3 Bh6 25. hxg4 hxg4 26. Be2 f3 27. Bf1 g3 28. gxf3 Qh5 29. Bg2 Qh2+ 30. Kf1 Bh3 31. Bxh3 Qxh3+ 32. Ke2 Qg2+ 33. Nf2 Qxf3+ 34. Kf1 Qxf2# 0-1